000 00438nam a2200169Ia 4500
005 20260319103916.0
008 260228s9999||||xx |||||||||||||| ||und||
020 _a0781743168
050 _aR 834.5
_b.I34 2005
100 _a"Ihejirika, Francis."
245 0 _a"Dissecting the USMLE step 1, 2, and 3 /"
_cFrancis Ihejirika.
250 _a2nd ed.
260 _c2005.
300 _a397 p. :
900 _eIBS-AQK-WFK
942 _bIBS
_cBK
999 _c38425
_d38425